1298 1137 1024 1147 1757 1053 1102 1517 1439 1058 1646 1121 1755 1061 1745 1845 1772 1110 1169 1107 1979 1822 1795 1335 1819 1034 1033 1552 1239 1973 1222 1026 1799 1792 1395 1895 1059 1454 1054 1088 1183 1339 1279 1005 1505 1503 1795 1723 1667 1562 1413 1436 1172 1327 1680 1100 1538 1080 1330 1336 1064 1564 1368 1452 1801 1096 1470 1686 1423 1869 1428 1967 1408 1784 1132 1574 1959 1055 1425 1360 1522 1439 1990 1634 1138 1516 1471 1534 1529 1617 1438 1858 1329 1722 1422 1981 1540 1937 1545 BCNSPRNW ULIB Ver.6.0+V

เปลี่ยนเป็นภาษาไทย

Change to English
 แสดงรายละเอียดบรรณานุกรม
  กลับหน้าหลัก

Brief Record : Get Marc (ISO 2709) : E-mail record : QR code < ปิดหน้าต่าง
LEADER : 00000nam 2200000uu 4500
001    13399111189
003     ULIB
008    110620s||||||||th 000 0 tha d
020    9748661733
050 04 BF449^bม711ส 2542
245 00 จิตวิทยาการสร้างสรรค์สัมพันธภาพแห่งความรัก และการคลี่คลายปัญหาที่เกิดขึ้น/^cมิ่งขวัญธรรม ฉ่ำชื่นเมือง: บก.เรียบเรียง
260    กรุงเทพฯ :^bต้นธรรม,^c2542
300    191 หน้า :^bภาพประกอบ ;^c22 ซม
650  7 ความรัก
650  7 ความสัมพันธ์ในครอบครัว
650  7 การสมรส
650  7 สามีและภรรยา
700 0  มิ่งขวัญธรรม ฉ่ำชื่นเมือง
945    ^p120^l0^i012603
945    ^p120^l0^i012602
995    ทศพร
999 ^a ใช้งานได้ทุกระบบ
รายการนี้ยังไม่มีแท็ก
คุณยังไม่ได้ล็อกอิน คุณสามารถมีกิจกรรมร่วมกับเว็บไซต์ได้ แต่ต้องล็อกอินก่อน ::
  ล็อกอิน

รายการสื่อสารสนเทศ

ลำดับที่ ประเภท เลขเรียก/บาร์โค้ด สถานที่ สถานะ
- ไม่พบข้อมูล -

รายการใกล้เคียง
    หัวเรื่อง [ความรัก]
    หัวเรื่อง [ความสัมพันธ์ในครอบครัว]
    หัวเรื่อง [การสมรส]

BibComment


ยังไม่เคยถูกคอมเมนท์

คอมเมนท์ทรัพยากรรายการนี้
  คอมเมนท์: จิตวิทยาการสร้างส..


 Copyright 2026. Bcnsprnw @Library